Seed sector study, Vietnam
Đã lưu trong:
| Formáid: | Leabhar |
|---|---|
| Teanga: | Undetermined |
| Foilsithe: |
[Denmark]
COWI
1999
|
| Ábhair: | |
| Clibeanna: |
Cuir Clib Leis
Gan Chlibeanna, Bí ar an gcéad duine leis an taifead seo a chlibeáil!
|
| Thư viện lưu trữ: | Trung tâm Học liệu Trường Đại học Cần Thơ |
|---|
| LEADER | 00436nam a2200169Ia 4500 | ||
|---|---|---|---|
| 001 | CTU_122513 | ||
| 008 | 210402s9999 xx 000 0 und d | ||
| 082 | |a 631.521 | ||
| 082 | |b S451/Vol.1 | ||
| 245 | 0 | |a Seed sector study, Vietnam | |
| 260 | |a [Denmark] | ||
| 260 | |b COWI | ||
| 260 | |c 1999 | ||
| 650 | |a Seed,Seed industry | ||
| 650 | |x Research,trade | ||
| 904 | |i M.Loan | ||
| 980 | |a Trung tâm Học liệu Trường Đại học Cần Thơ | ||